Dictionnaire des racines scientifiques. (Record no. 24434)
[ view plain ]
| 000 -LEADER | |
|---|---|
| fixed length control field | 00460 a2200193 4500 |
| 100 ## - VEDETTE PRINCIPALE - NOM DE PERSONNE | |
| Personal name | CAILLEUX,André |
| 130 ## - VEDETTE PRINCIPALE - TITRE UNIFORME | |
| Language of a work | Fr. |
| 260 ## - PUBLICATION, DISTRIBUTION, ETC. (IMPRINT) | |
| Place of publication, distribution, etc | Paris |
| 260 ## - PUBLICATION, DISTRIBUTION, ETC. (IMPRINT) | |
| Name of publisher, distributor, etc | Société d'Edition d'Enseignement Supérieur. |
| 245 ## - TITLE STATEMENT | |
| Title | Dictionnaire des racines scientifiques. |
| 260 ## - PUBLICATION, DISTRIBUTION, ETC. (IMPRINT) | |
| Date of publication, distribution, etc | 1965 |
| 250 ## - EDITION STATEMENT | |
| Edition statement | 2ème éd. revue et augmentée |
| 300 ## - PHYSICAL DESCRIPTION | |
| Extent | 246p. |
| 650 ## - SUBJECT ADDED ENTRY--TOPICAL TERM | |
| Topical term or geographic name as entry element | DICTIONNAIRE |
| 690 ## - LOCAL SUBJECT ADDED ENTRY--TOPICAL TERM (OCLC, RLIN) | |
| Topical term or geographic name as entry element | RACINE. |
| 700 1# - ADDED ENTRY--PERSONAL NAME | |
| Personal name | KOMORN,Jean. |
| Withdrawn status | Lost status | Damaged status | Not for loan | Location (home branch) | Sublocation or collection (holding branch) | Date acquired | Koha issues (times borrowed) | Koha full call number | Koha date last seen | Copy number | Price effective from | Koha item type | Public note |
|---|---|---|---|---|---|---|---|---|---|---|---|---|---|
| Bibliothèque-Centre de Documentation de la Faculté des Sciences Agronomiques | Bibliothèque-Centre de Documentation de la Faculté des Sciences Agronomiques | U.0028 | 28/02/2009 | 1 | 28/02/2009 | Livre | A.3621 |